| 000 -LEADER |
| fixed length control field |
00675pam a2200229 a 4500 |
| 001 - CONTROL NUMBER |
| control field |
4852402 |
| 005 - DATE AND TIME OF LATEST TRANSACTION |
| control field |
20180123045357.0 |
| 008 - FIXED-LENGTH DATA ELEMENTS--GENERAL INFORMATION |
| fixed length control field |
910828s1992 nyua d 001 0 eng |
| 010 ## - LIBRARY OF CONGRESS CONTROL NUMBER |
| LC control number |
91030462 |
| 020 ## - INTERNATIONAL STANDARD BOOK NUMBER |
| International Standard Book Number |
039951743X : |
| Terms of availability |
$5.95 ($7.75 CAN) |
| 040 ## - CATALOGING SOURCE |
| Original cataloging agency |
DLC |
| Transcribing agency |
DLC |
| Modifying agency |
DLC |
| 041 ## - LANGUAGE CODE |
| Language code of text/sound track or separate title |
eng |
| 043 ## - GEOGRAPHIC AREA CODE |
| Geographic area code |
n-us--- |
| 080 ## - UNIVERSAL DECIMAL CLASSIFICATION NUMBER |
| Universal Decimal Classification number |
419.03 BUT |
| 082 00 - DEWEY DECIMAL CLASSIFICATION NUMBER |
| Classification number |
419.03 BUT |
| Edition number |
20 |
| 100 1# - Rafti |
| Rafti |
FJA |
| 101 ## - Shkurtesa |
| Shkurtesa |
23 |
| 245 14 - TITLE STATEMENT |
| Title |
The pocket dictionary of signing / |
| Statement of responsibility, etc |
Rod R. Butterworth and Mickey Flodin. |
| 906 ## - LOCAL DATA ELEMENT F, LDF (RLIN) |
| a |
7 |
| b |
cbc |
| c |
orignew |
| d |
1 |
| e |
ocip |
| f |
19 |
| g |
y-gencatlg |
| 942 ## - ADDED ENTRY ELEMENTS (KOHA) |
| Source of classification or shelving scheme |
|
| Item type |
Books |